Statistics for Largest Cities in Bangladesh

Click here to take the quiz!

General Stats

  • This quiz has been taken 27 times
  • The average score is 3 of 8

Answer Stats

Answer % Correct
Dhaka
100%
Chittagong
75%
Khulna
42%
Sylhet
25%
Rajshahi
17%
Narayanganj
8%
Barisal
8%
Gazipur
0%

Score Distribution

Percentile by Number Answered

Percent of People with Each Score

Your Score History

You have not taken this quiz